000 00278nam a2200109Ia 4500
008 220204s9999 xx 000 0 und d
082 _a66(035)
_bMUL
245 0 _aHandbook and directory of industry, 1993-94
260 _aBombay
_bBombay market
_c1994
700 _aK
942 _cBK
999 _c40786
_d40786